Stolice podległych terytoriów - Statystyki

Ogólne statystyki
  • Ten quiz został rozwiązany 22 razy
  • Średni wynik to 51 z 105
Statystyki odpowiedzi
Kraj Stolica % Poprawnych
Irlandia Północna Belfast
100%
Szkocja Edynburg
100%
Anglia Londyn
100%
Bawaria Monachium
100%
Grenlandia Nuuk
100%
Wyspy Owcze Thorshavn
100%
Pitcairn Adamstown
75%
Niue Alofi
75%
Sahara Zachodnia Al-Ujun
75%
Wyspy Cooka Avarua
75%
Katalonia Barcelona
75%
Sardynia Cagliari
75%
Walia Cardiff
75%
Turks i Caicos Cockburn Town
75%
Gibraltar Gibraltar
75%
Hong Kong Hong Kong
75%
Hawaje Honolulu
75%
Wyspa Świętej Heleny Jamestown
75%
Gujana Francuska Kajenna
75%
Makau Makau
75%
Wallis i Futuna Mata Utu
75%
Samoa Amerykańskie Pago Pago / Fagatogo
75%
Sycylia Palermo
75%
Polinezja Francuska Papeete
75%
Montserrat Plymouth/ Brades
75%
Palestyna Ramallah
75%
Portoryko San Juan
75%
Naddniestrze Tyraspol
75%
Curaçao Willemstad
75%
Gwadelupa Basse-Terre
50%
Mariany Północne Capital Hill / Saipan
50%
Wyspy Dziewicze Stanów Zjednoczonych Charlotte Amalie
50%
Wyspa Man Douglas
50%
Wyspa Bożego Narodzenia Flying Fish Cove
50%
Martynika Fort-de-France
50%
Kajmany George Town
50%
Czeczenia Grozny
50%
Saint-Barthélemy Gustavia
50%
Guam Hagåtña
50%
Bermudy Hamilton
50%
Somaliland Hargejsa
50%
Jakucja Jakuck
50%
Norfolk Kingston
50%
Bonaire Kralendijk
50%
Tybetański Region Autonomiczny Lhasa
50%
Dagestan Machaczkała
50%
Majotta Mamoudzou
50%
Saint-Martin Marigot
50%
Cypr Północny Nikozja
50%
Wojwodina Nowy Sad
50%
Nowa Kaledonia Numea
50%
Aruba Oranjestad
50%
Sint Eustatius Oranjestad
50%
Brytyjskie Wyspy Dziewicze Road Town
50%
Reunion Saint-Denis
50%
Jersey Saint Helier
50%
Guernsey Saint Peter Port
50%
Saint-Pierre i Miquelon Saint-Pierre
50%
Falklandy Stanley
50%
Saba The Bottom
50%
Anguilla The Valley
50%
Wyspy Kokosowe West Island
50%
Zanzibar Zanzibar
50%
Chakasja Abakan
25%
Dolina Aosty Aosta
25%
Tokelau Atafu
25%
Adżaria Batumi
25%
Osetia Południowa Cchinwali
25%
Górski Badachszan Chorog
25%
Czuwaszja Czeboksary
25%
Karaczajo-Czerkiesja Czerkiesk
25%
Brytyjskie Terytorium Oceanu Indyjskiego Diego Garcia
25%
Tristan da Cunha Edinburgh of the Seven Seas
25%
Kałmucja Elista
25%
Wyspa Wniebowstąpienia Georgetown
25%
Republika Ałtaju Gornoałtajsk
25%
Wyspa Wielkanocna Hanga Roa
25%
Kurdystan Irbil / Kirkuk
25%
Udmurcja Iżewsk
25%
Mari El Joszkar-Oła
25%
Tatarstan Kazań
25%
Gagauzja Komrat
25%
Tuwa Kyzył
25%
Svalbard Longyearbyen
25%
Wyspy Alandzkie Maarianhamina
25%
Inguszetia Magas
25%
Adygeja Majkop
25%
Okinawa Naha
25%
Kabardo-Bałkaria Nalczyk
25%
Karakałpacja Nukus
25%
Sint Maarten Philipsburgh
25%
Karelia Pietrozawodsk
25%
Francuskie Terytoria Południowe i Antarktyczne Saint Pierre
25%
Hokkaido Sapporo
25%
Mordowia Sarańsk
25%
Abchazja Suchumi
25%
Komi Syktywkar
25%
Friuli-Wenecja Julijska Triest
25%
Trydent-Górna Adyga Trydent
25%
Oksytania Tuluza
25%
Baszkortostan Ufa
25%
Buriacja Ułan Ude
25%
Sinciang Urumczi
25%
Kraj Basków Vitoria-Gasteiz
25%
Osetia Północna Władykaukaz
25%
Nie znaleziono quizów pasujących do podanych kryteriów
Rozkład punktacji
Procent ludzi z każdym wynikiem
Percentyl według liczby udzielonych odpowiedzi
Twoja historia wyników
Nie rozwiązałeś tego quizu